| 000 | 00902cam a2200301 4500 | ||
|---|---|---|---|
| 001 | a32893 | ||
| 003 | DO-SdBNP | ||
| 005 | 20180312112356.0 | ||
| 007 | a32893 | ||
| 008 | 071210s2007 sp | |||| 00 0 spa | ||
| 015 | _a | ||
| 017 | _a | ||
| 020 | _a9789707709911 | ||
| 035 | _a | ||
| 040 |
_aBPMSU _bspa _cBPMSU _e |
||
| 080 | _a | ||
| 082 |
_aM863.4 _bF954c |
||
| 100 | 1 |
_aFuentes, Carlos _d1928-2012 |
|
| 245 | 1 | 0 |
_aCuentos sobrenaturales / _h _cCarlos Fuentes |
| 260 |
_aMadrid : _bAlfaguara, _c2007 |
||
| 300 |
_a180 p. ; _c24 cm |
||
| 500 | _aIncluye datos biográficos del autor | ||
| 505 |
_tTlactocatzine, del jardín de Flandes -- _tPor boca de los dioses -- _tLetanía de la orquídea -- . _t La muñeca reina -- _a |
||
| 650 | _aCUENTOS MEXICANOS | ||
| 942 |
_2ddc _cBK |
||
| 945 | _aInnventariado extranjero / 2017 VM | ||
| 956 |
_aVMATEO _b10 _c20160707 _dBPMSU _f0069 |
||
| 999 |
_c10755 _d10755 |
||